00584nam a22001937a 45000010005000000030006000050050017000110080041000280200015000690400029000840820012001131000021001252450085001462600051002313000050002825050008003325210030003405210020003707881FISKH20250813085550.0250813b cb ||||| |||| 00| 0 eng d a0153312556 aFISKHbengcFISKHdFISKH a407.000 aEarly, Margaret  aTogether we go / cBy Margaret Early , Elizabeth K. Cooper and Nancy Santeusanio aNew York : bHarcourt Brace Jovanovich,c1983. a191 pages : bcolor illustrations ;c24 cm .  aP 8 a640 bLexile estimate 8 aP bRaz-Plus